000 00610nam a2200229Ia 4500
003 OSt
005 20220918204246.0
006 a|||||r|||| 00| 0
007 ta
008 220917b |||||||| |||| 00| 0 eng d
024 _a111,749
037 _cTextual
040 _aARTS
_cARTS
_beng
041 _2eng
_aeng
082 _aV5.L80<-K48, M5
100 _aTreasure Geoffrey
_9111289
245 0 _aMaking of modern Europe 1548-1780
260 _aLondon
_bMethuen UK
_c1985
650 _aHISTORY
942 _hV5.L80<-K48, M5
_cTEXL
_2CC
999 _c235098
_d235098